The art and architecture of Islam, 1250-1800
Saved in:
| Main Authors: | , |
|---|---|
| Format: | Bog |
| Sprog: | engelsk |
| Udgivet: |
New Haven
Yale University Press
1994
|
| Udgivelse: | 1a. ed |
| Fag: | |
| Tags: |
Tilføj Tag
Ingen Tags, Vær først til at tagge denne postø!
|
MARC
| LEADER | 00000cam a2200000 a 4500 | ||
|---|---|---|---|
| 001 | UCF2947 | ||
| 003 | CL-VaPUC | ||
| 008 | 120914e19940000US |||||||||||||||||eng|d | ||
| 020 | |a 0300058888 | ||
| 082 | 0 | 4 | |a 709.17671 |b BLA |2 21 |
| 100 | 0 | |a Blair, Sheila S |e author |9 564819 | |
| 700 | 0 | |a Bloom, Jonathan M |e author |9 564820 | |
| 245 | 1 | 4 | |a The art and architecture of Islam, 1250-1800 |
| 250 | |a 1a. ed | ||
| 300 | |a 348 p | ||
| 942 | |c BK | ||
| 945 | |d 20120914 00:00:00 |a cmena | ||
| 260 | |a New Haven |b Yale University Press |c 1994 | ||
| 650 | 0 | |a Historia del arte |9 314877 | |
| 650 | 0 | |a Arte islámico (musulmán) |9 314239 | |
| 650 | 0 | |a Arquitectura islámica |9 266680 | |
| 583 | |a last modification |c 20120914 00:13:00 |k Rodrigo Vera | ||
| 999 | |c 349485 |d 349483 | ||
| 952 | |0 0 |1 0 |4 0 |6 709_176710000000000_BLA_1994 |7 0 |8 A |9 452111 |a BIBGIM |b BIBGIM |d 2019-11-22 |i 4909720 |l 1 |o 709.17671 BLA 1994 |p 4909720 |r 2025-01-15 |s 2022-11-02 |w 2019-11-22 |y BK |k ARA | ||